000
00252nam a22001097a 4500
082
_a
537.5352 LYT'I
100
_a
LYTEL, ALLEN
_9
56439
245
_a
INDUSTRIAL X-RAY HANDBOOK
260
_a
NEWYORK
_b
HOWARD W. SAMS
_c
1962
300
_a
286P
942
_c
BK
999
_c
566855
_d
566855